Music Quiz

Random Music or Artist Quiz
Score 0/25 Timer 06:00
0 Plays Today
Song - Artist Guest Musician % Correct
While My Guitar Gently Weeps - The BeatlesEric Clapton
70.5%
Beat It - Michael JacksonEddie Van Halen
58.1%
No One Knows - Queens of the Stone AgeDave Grohl
42.7%
I'm Every Woman - Chaka KhanWhitney Houston
32.3%
You're So Vain - Carly SimonMick Jagger
30.5%
Layla - Derek and the DominoesDuane Allman
27.8%
Fame - David BowieJohn Lennon
23.3%
Champagne Supernova - OasisPaul Weller
19.5%
I Feel for You - Chaka KhanStevie Wonder
18.6%
Redneck Friend - Jackson BrowneElton John
16.9%
Gloria - ThemJimmy Page
14.5%
Bust A Move - Young MCFlea
14.3%
Morning Has Broken - Cat StevensRick Wakeman
14.1%
Song - Artist Guest Musician % Correct
China Girl - David BowieStevie Ray Vaughan
13.7%
Leader of the Pack - The Shangri-LasBilly Joel
13.5%
Heart of Gold - Neil YoungLinda Ronstadt
12.2%
Please Mr. Postman - The MarvellettesMarvin Gaye
10.6%
Always on the Run - Lenny KravitzSlash
9.5%
Heartbreak Hotel - Elvis PresleyChet Atkins
7.6%
Young Americans - David BowieLuther Vandross
6.5%
You Oughta Know - Alanis MorissetteDave Navarro
6.4%
Old Man - Neil YoungJames Taylor
6.2%
Ramblin' Gamblin' Man - Bob SegerGlenn Frey
5.2%
Dream Lover - Bobby DarinNeil Sedaka
4.5%
Private Dancer - Tina TurnerJeff Beck
3.3%
Remove Ads.
Support Sporcle.
Get the best of Sporcle when you Go Orange. This ad-free experience offers more features, more stats, and more fun while also helping to support Sporcle. Thank you for becoming a member.

You're not logged in!

Compare scores with friends on all Sporcle quizzes.
OR
Log In

Show Comments

Extras

Top Quizzes Today


Score Distribution

Your Account Isn't Verified!

In order to create a playlist on Sporcle, you need to verify the email address you used during registration. Go to your Sporcle Settings to finish the process.

Report this User

Report this user for behavior that violates our Community Guidelines.

Details: